Latin and Syrian Hierarchies of Malabar (Record no. 340471)

MARC details
000 -LEADER
fixed length control field 003990000a22001690004500
005 - DATE AND TIME OF LATEST TRANSACTION
control field 20120302052550.0
040 ## - CATALOGING SOURCE
Original cataloging agency ENG
100 ## - MAIN ENTRY--PERSONAL NAME
Personal name Pascal, Varekat Antony
245 ## - TITLE STATEMENT
Title Latin and Syrian Hierarchies of Malabar
260 ## - PUBLICATION, DISTRIBUTION, ETC. (IMPRINT)
Place of publication, distribution, etc -:
Name of publisher, distributor, etc -,
Date of publication, distribution, etc 1937
300 ## - PHYSICAL DESCRIPTION
Extent xlvi,348p
365 ## - TRADE PRICE
Price amount Rs.
650 ## - SUBJECT ADDED ENTRY--TOPICAL TERM
Topical term or geographic name as entry element History
650 ## - SUBJECT ADDED ENTRY--TOPICAL TERM
Topical term or geographic name as entry element Latin-Syrian Hierarchies-Malabar
650 ## - SUBJECT ADDED ENTRY--TOPICAL TERM
Topical term or geographic name as entry element Portuguese
942 ## - ADDED ENTRY ELEMENTS (KOHA)
Koha item type Book
Holdings
Withdrawn status Lost status Damaged status Not for loan Home library Current library Date acquired Total Checkouts Barcode Date last seen Price effective from
        Institute For Oriental Study, Thane Institute For Oriental Study, Thane 12/02/2009   IOS-4717 12/02/2009 12/02/2009